Normal view MARC view

Entry Topical Term

Number of records used in: 1

001 - CONTROL NUMBER

  • control field: 30210

003 - CONTROL NUMBER IDENTIFIER

  • control field: OSt

005 - DATE AND TIME OF LATEST TRANSACTION

  • control field: 20220225121519.0

008 - FIXED-LENGTH DATA ELEMENTS

  • fixed length control field: 220225|| aca||aabn | a|a d

040 ## - CATALOGING SOURCE

  • Original cataloging agency: OSt
  • Transcribing agency: OSt

150 ## - HEADING--TOPICAL TERM

  • Topical term or geographic name entry element: Publication salaries, Local government, Efficiency, Municipal service.

670 ## - SOURCE DATA FOUND

  • Source citation: Work cat.: (OSt): Benito, Bernardino, et al 30209, Impact of politicians’ salaries and their dedication regime on the efficiency of municipal public services

Powered by Koha